00583nam a2200181 i 4500001000700000003000900007005001700016007000300033008004100036100003000077245010800107260003500215300002000250490004200270700002300312830004200335852002400377150744ES-MaACL20230906203655.0t|071107s1887 gw ||||1| ger d1 aDinter, Gustav Friedrich.10aF. G. Dinters ausgewèahlte pèadagogische Schriften / cMit Einl. u. Anm. hrsg. v. Friedrich Seidel. aLangensalza : bBeyer, c1881. a2 v. ; c22 cm.1 aBibliothek pèadagogischer klassiker1 aSeidel, Friedrich.0 aBibliothek pèadagogischer klassiker aES-MaACLjG-15173-4